000 00810nam a2200193 i 4500
001 159533
003 ES-MaACL
005 20250513063023.0
008 040914s1785 fr af |||| | ita d
040 _aCAM
_bspa
_cCAM
100 1 _aMetastasio, Pietro,
_d1698-1782
_980719
245 1 0 _aOpere del signor abate Pietro Metastasio
_b: con dissertazioni e oservationi.
_ntomo primo.
260 _aIn Nizza :
_bpresso la Società tipografica,
_c1785.
300 _aCCIX, 211 p., [5] p. en bl., [1]h. de lám. ;
_c12º.
597 _aSign.: a12, B-Z12, A-I12.
599 _aLa h. de lám. calc.: "Joh Stainer S.E.A.M. pictor pin., Jac. Merconis inc.", retrato del autor.
852 _aES-MaACL
_jR-2192-206
_z-- Enc. pasta española con hierros dorados Olim:.F-2908-22.
999 _c159533
_d159533